| 000 | 00363nam a2200145Ia 4500 | ||
|---|---|---|---|
| 008 | 191201s2009 xx 000 0 und d | ||
| 082 |
_a004.16 _bPRP |
||
| 100 | _aPREDKO, Myke | ||
| 245 | 0 | _aProgramming and Customizing the 8051 Microcontroller | |
| 250 | _a18 Rep | ||
| 260 |
_aN. Delhi _bTMH _c2009 |
||
| 300 | _a541 | ||
| 650 | _aB.Tech(ECE) | ||
| 942 |
_2ddc _cBK |
||
| 999 |
_c4433 _d4433 |
||